| 000 | 01205nji a22002897a 4500 | ||
|---|---|---|---|
| 005 | 20100917141251.0 | ||
| 006 | a|||||r|||||00| 0 | ||
| 007 | sd ammalaaahaa | ||
| 008 | 100830t xxu||||| |||| 00| 0 eng d | ||
| 028 |
_a2392 906 _bPolydor |
||
| 035 | _aGR-03114 | ||
| 040 |
_aSED _cSED |
||
| 100 |
_917455 _aChandra, Madhu |
||
| 245 |
_aShree Ramaya namah / _cby Madhu Chandra... [et.al]; music by V.N.S. Bhola [and] Madhu Chandra _h[sound recording] : |
||
| 246 | _aश्री रामाय नमः / मधु चन्द्र द्वारा | ||
| 260 |
_aDum Dum, India _bPolydor _c1979 |
||
| 300 |
_a1 sound disc [Gramophone Recording]: _banalog, 33 1/3 rpm _c12 in. (LP) _fGramophone Record |
||
| 500 | _aBrief Record | ||
| 500 | _aRecord labels : Polydor, Red | ||
| 505 | _aSide-1 (Shree ram jai ram jai jai ram) (Madhu Chandra... [et.al]) --Side-2 (Jankinath sahaey kare) (Madhu Chandra... [et.al]) | ||
| 600 |
_aChandra, Madhu _920514 |
||
| 650 |
_aDevotional songs _zIndia _91186 _xExcerpts |
||
| 700 |
_aV.N.S. Bhola _920515 |
||
| 700 |
_aChandra, Madhu _920516 |
||
| 942 |
_2ddc _cGR |
||
| 999 |
_c46481 _d46481 |
||